[Event "Backa Palanka op 3rd"]
[Site "Backa Palanka"]
[Date "2002.05.02"]
[Round "1"]
[White "Pap, Misa"]
[Black "Lukic, Milenko"]
[Result "1-0"]
[WhiteElo "2413"]
[BlackElo "2099"]
[PlyCount "73"]
[EventDate "2002.05.02"]
[EventType "swiss"]
[EventRounds "9"]
[EventCountry "YUG"]
[SourceTitle "CBM 088 Extra"]
[Source "ChessBase"]
[SourceDate "2002.07.01"]
[SourceVersion "2"]
[SourceVersionDate "2002.07.01"]
[SourceQuality "1"]

1. e4 c6 2. d4 d5 3. Nd2 dxe4 4. Nxe4 Bf5 5. Ng3 Bg6 6. h4 h6 7. Nf3 Nf6 8. Ne5 Bh7 9. Bd3 Bxd3 10. Qxd3 e6 11. Bf4 Nbd7 12. 0-0-0 Nxe5 13. dxe5 Qxd3 14. Rxd3 Nd5 15. Bd2 0-0-0 16. Rf3 Rd7 17. Ne4 b6 18. Rd1 Kd8 19. c4 Nc7 20. Bc3 Rxd1+ 21. Kxd1 Ke7 22. Nd6 f5 23. exf6+ Kxd6 24. fxg7 Bxg7 25. Bxg7 Rg8 26. Bf8+ Kd7 27. g3 h5 28. Rf7+ Kc8 29. Bd6 Ne8 30. Be5 a6 31. Ke2 b5 32. b3 a5 33. f3 a4 34. cxb5 cxb5 35. b4 Rg6 36. Ke3 Rg8 37. Kd4 1-0